00545nam a22001817a 4500010001300000035001300013037001800026040001200044082001700056245005600073260002900129270005000158300003000208650002400238650005300262650003100315700001700346 aB-024067 aB-024067 bCen Lib / Ret aDPLbEN a307.772bSIN aTribal movements in India /cedited by K. S. Singh  aNew DelhibManoharc1982 a1 Ansari Road, Darya Ganj bNew Delhie110002 a(v 2. ix, 414p)b24cm(Hb) aEthnicity -- India. aIndia -- Scheduled tribes -- Political activity. aIndia -- Ethnic relations. aK. S. Singh